Представление документа в формате RUSMARC

ПолеНазваниеЗначение
  Тип записи a
  Библиографический уровень m
001 Контрольный номер RU/IS/BASE/457529351
005 Дата корректировки 20240207193151.1
010 Индекс ISBN __
d Цена 0 р. 15 к.
9 Тираж 60000 экз.
100 Данные общей обработки __
a Данные общей обработки 20140701d2014 ||| 0rusy0189 ca
101 Язык документа 0_
a Язык текста rus
102 Страна публикации __
a Страна публикации RU
105 Кодированные данные (монография) __
a Кодированные данные (монография) y###||||000|y
200 Заглавие и сведения об ответственности 1_
a Заглавие 1000 вещей из глины
b Общее обозначение материала Текст
e Сведения, относящиеся к заглавию сборник
f Первые сведения об ответственности ред. Л. Н. Жукова
210 Выходные данные 1_
a Место издания Москва
c Издательство Знание
d Дата издания 1981
215 Физическое описание __
a Объем 47 с.
c Иллюстрации/тип воспроизводства ил.
d Формат 22 см.
225 Серия 1_
a Серия Народный университет. Твоя профессия; 1
320 Библиография __
a Библиография Библиогр. : с. 4
606 Тематические рубрики 1_
a Основная рубрика Химические производства - Керамика - Сборники
608 Указатель предметных рубрик __
a Жанр/форма сборник
610 Ключевые слова 1_
a Ключевые слова производство химическое
a Ключевые слова керамика
a Ключевые слова глина
a Ключевые слова выбор профессии
a Ключевые слова сборники
686 Индексы других классификаций __
a Классификационный индекс 35
2 Код системы rubbk
801 Источник записи _0
a Страна RU
b Организация Ульяновская ОБДЮ
c Дата составления 20140701
g Правила каталогизации RCR
801 Источник записи _1
a Страна RU
b Организация Ульяновская ОБДЮ
c Дата составления 20140701
g Правила каталогизации RCR
852 Данные о местонахождении __
a Наименование организации Ульяновская ОБДЮ
i Авторский знак Т 93
j Шифр хранения 85
901 Тип документа __
t Тип документа m
910 Корректоры записи __
a Корректор записи Рябова
919 __
a Рябова
938 Служебная информация __
a Имя БД MarkBase